[Event "Moscow op2"]
[Site "Moscow"]
[Date "1995.??.??"]
[Round "9"]
[White "Khromov, Vladimir V"]
[Black "Gorbatow, Alexej"]
[Result "0-1"]
[WhiteElo "2200"]
[BlackElo "2420"]

1.Nf3 d5 2.c4 d4 3.e3 c5 4.b4 dxe3 5.fxe3 cxb4 6.d4 Nd7 7.Bd3 e5 8.O-O Be7
9.Bb2 exd4 10.exd4 Ngf6 11.Qc2 O-O 12.Nbd2 b6 13.Rae1 Bb7 14.Nh4 Re8 15.Ndf3 h6
16.Nf5 Bf8 17.Ne5 Nxe5 18.dxe5 Ng4 19.e6 Rxe6 20.Rxe6 fxe6 21.Nxg7 Bc5+ 22.Kh1 e5
23.Bf5 Ne3 24.Be6+ Kh8 25.Bxe5 Qd4 26.Bxd4 Nxc2 27.Bf6 Bxg2+ 28.Kxg2 Ne3+
29.Kf2 Rf8 30.Nh5+ Kh7 31.Ke2 Kg6 32.Nf4+ Kxf6 33.Nd5+ Kxe6 34.Rxf8 Bxf8
35.Kxe3 Ke5 36.h3 a5  0-1

[Event "Moscow-ch op"]
[Site "Moscow"]
[Date "1995.??.??"]
[Round "11"]
[White "Shestakov, Sergei S"]
[Black "Kosyrev, Vladimir"]
[Result "0-1"]
[WhiteElo "2295"]
[BlackElo "2155"]

1.Nf3 d5 2.c4 e6 3.g3 Nf6 4.Bg2 c6 5.b3 Nbd7 6.O-O Bd6 7.Bb2 O-O 8.Qc2 Re8
9.d3 e5 10.cxd5 cxd5 11.e4 dxe4 12.dxe4 Qe7 13.Nh4 g6 14.Nd2 b5 15.Rfe1 Bb7
16.Rac1 Bc5 17.Qd1 Rac8 18.Qe2 a6 19.Nb1 Qd6 20.Rcd1 Qb6 21.a3 a5 22.Rd2 b4
23.a4 Qe6 24.Qd1 Bf8 25.Bf1 Red8 26.f3 Qb6+ 27.Kh1 Nc5 28.Rxd8 Rxd8 29.Qc2 Nxb3
30.Bxe5 Nc5 31.Bb5 Nfxe4 32.Rxe4 Nxe4 33.fxe4 Qc5 34.Qxc5 Bxe4+ 35.Kg1 Bxc5+
36.Kf1 Rd1+ 37.Ke2 Rxb1 38.Bd3 Bxd3+ 39.Kxd3 b3 40.Nf3 Bb4 41.Ng5 f5 42.Kc4 b2
43.Kb3 h6 44.Nh3 Rh1 45.Bxb2 Rxh2 46.Nf4 g5 47.Nd5 Rxb2+ 48.Kxb2 Bd6 49.Ne3 f4
50.gxf4 Bxf4 51.Ng4 Kg7 52.Kc3 h5 53.Nf2 Kg6 54.Kd3 Kf5 55.Ke2 g4 56.Nd3 h4
57.Kf2 h3  0-1

[Event "Mravinci-A"]
[Site "Mravinci"]
[Date "1995.??.??"]
[Round "?"]
[White "Dizdarevic, Emir"]
[Black "Cvorovic, Drazen"]
[Result "1-0"]
[WhiteElo "2465"]
[BlackElo "2425"]

1.Nf3 d5 2.c4 e6 3.g3 Nf6 4.Bg2 Be7 5.O-O a5 6.d4 O-O 7.Nc3 Ne4 8.Ne5 Nxc3
9.bxc3 dxc4 10.Rb1 Nd7 11.Nxc4 Ra7 12.Qc2 b6 13.Rd1 Ba6 14.Na3 Bxa3 15.Bxa3 Re8
16.c4 Bb7 17.e4 Qa8 18.d5 exd5 19.cxd5 c6 20.Bh3 Nf6 21.d6 c5 22.f3 Nxe4
23.fxe4 Bxe4 24.Qd2 Bxb1 25.Rxb1 Qf3 26.Rb3 Re2 27.Rxf3 Rxd2 28.d7 Raxd7
29.Bxd7 Rxd7 30.Rb3 Rd1+ 31.Kg2 Rd2+ 32.Kh3 h5 33.Rxb6 c4 34.Bb2 f6 35.a4 Kf7
36.Bc3 Ra2 37.Rc6 Rxa4 38.Rc5 Ra2 39.Rxh5 a4 40.Ra5 Kg6 41.Kg4 Rxh2 42.Rxa4 Rf2
43.Rxc4 Kh6 44.Rc6 Kg6 45.Bd4 Rf1 46.Ra6 Kf7 47.Ra1  1-0

[Event "New Castle schev"]
[Site "New Castle on Tyne"]
[Date "1995.??.??"]
[Round "4"]
[White "Martin, Benjamin"]
[Black "Bryson, Douglas M"]
[Result "1-0"]
[WhiteElo "2355"]
[BlackElo "2380"]

1.Nf3 d5 2.c4 e6 3.b3 Nf6 4.Bb2 c5 5.e3 Nc6 6.cxd5 exd5 7.Bb5 Bd6 8.O-O O-O
9.d4 cxd4 10.Nxd4 Bd7 11.Nc3 Re8 12.Nf3 Bg4 13.Be2 a6 14.Rc1 Bc7 15.Qc2 Qd6
16.g3 Qe7 17.Rfd1 Rad8 18.Nd4 Nxd4 19.Rxd4 Be6 20.Rdd1 Bb8 21.Bf3 h5 22.Ne2 Bg4
23.Bxg4 hxg4 24.Qf5 Qe4 25.Nd4 Be5 26.Rd2 Bxd4 27.Qxe4 Nxe4 28.Rxd4 Rd7 29.Rcd1 Red8
30.Kg2 f5 31.f3 gxf3+ 32.Kxf3 Kf7 33.Rc1 Ke6 34.Rb4 Rh8 35.h4 Rh5 36.Rb6+ Kf7
37.Rc8 g5 38.Rh8 Nd2+ 39.Ke2 Rxh8 40.Bxh8 Ne4 41.hxg5 Nxg5 42.Rf6+ Ke7 43.Rxf5 Ne4
44.Kf3 Ke6 45.Rf8 Rh7 46.Bd4 Rh2 47.Rb8 Rh7 48.Re8+ Kd7 49.Rh8 Rf7+ 50.Kg4 Nf2+
51.Kh5 Ne4 52.g4 Rf2 53.Rh7+ Kc6 54.Rh6+ Kd7 55.a4 Rh2+ 56.Kg6 Rg2 57.Kf5 Nd6+
58.Kf4 Rf2+ 59.Kg3 Ne4+ 60.Kh3 Rf1 61.Rb6 Kc7 62.a5 Rg1 63.Rg6 Rb1 64.g5 Rxb3
65.Rg7+ Kd6 66.g6 Ng5+ 67.Kg4 Ne6 68.Rf7 Rb1 69.g7 Rg1+ 70.Kf5 Rf1+ 71.Kg6 Rg1+
72.Kh7 Rh1+ 73.Kg8 Rb1 74.Bb6 Rc1 75.Rxb7 Rc8+ 76.Kf7 Ng5+ 77.Kg6 Ne6 78.Bd4 Ra8
79.Bf6 d4  1-0

[Event "JUG-ch sf"]
[Site "Nis"]
[Date "1995.??.??"]
[Round "?"]
[White "Todorovic, Goran M"]
[Black "Lekic, Dusan"]
[Result "1/2-1/2"]
[WhiteElo "2470"]
[BlackElo "2370"]

1.Nf3 d5 2.c4 e6 3.g3 c5 4.Bg2 Nc6 5.O-O Nf6 6.cxd5 exd5 7.d4 Be7 8.Nc3 O-O
9.Bg5 cxd4 10.Nxd4 h6 11.Bf4 Bg4 12.h3 Bh5 13.Nf5 Bg6 14.Nxe7+ Qxe7 15.Nxd5 Nxd5
16.Qxd5 Rad8 17.Qc4 Nd4 18.Kh2 b5 19.Qc3 Qxe2 20.Rae1 Qd3 21.Re7 Qxc3 22.bxc3 Ne6
23.Be3 Rd3 24.Rc1 Rc8 25.Bf1 Rdxc3 26.Rxc3 Rxc3 27.Bxb5 a5 28.Rd7 Be4 29.g4 Rc2
30.a4 Ra2 31.Kg3 Ra1 32.f4 Ra3 33.Kf2 Nxf4 34.Bxf4 Rf3+ 35.Kg1 Rxf4 36.Ra7 Rf3
37.Bf1 Bc6 38.Rxa5 Ra3 39.Ra6 Bxa4 40.Ra8+ Kh7 41.Bb5 Ra1+ 42.Kf2 Ra2+ 43.Kg3 Bb3
44.Bd3+ g6 45.Rxa2  1/2-1/2

[Event "JUG-ch sf"]
[Site "Nis"]
[Date "1995.??.??"]
[Round "?"]
[White "Vukanovic, Sasa"]
[Black "Markovic, Zoran S"]
[Result "1/2-1/2"]
[WhiteElo "2365"]
[BlackElo "2390"]

1.Nf3 d5 2.c4 e6 3.g3 Nf6 4.Bg2 Be7 5.O-O O-O 6.b3 c5 7.e3 Nc6 8.Bb2 b6 9.Nc3 Bb7
10.cxd5 Nxd5 11.Nxd5 exd5 12.d4 Qd7 13.Qd2 Rfd8 14.Rfd1 a5 15.Rac1 a4 16.dxc5 bxc5
17.Qc3 Bf6 18.Qc2 axb3 19.Qxb3 c4 20.Qb6 Ra6 21.Qb5 Ra5 22.Qb6  1/2-1/2

[Event "JUG-chT"]
[Site "Nis"]
[Date "1995.??.??"]
[Round "?"]
[White "Nikolic, Boban"]
[Black "Misailovic, Nebojsa"]
[Result "0-1"]
[WhiteElo "2295"]
[BlackElo "2385"]

1.Nf3 d5 2.c4 c6 3.g3 Nf6 4.Bg2 Bg4 5.Ne5 Bf5 6.cxd5 cxd5 7.Qa4+ Nc6 8.Nc3 Qc7
9.d4 e6 10.O-O Be7 11.Bf4 Qb6 12.Qb5 O-O 13.Qxb6 axb6 14.Nf3 Ne4 15.Rfc1 g5
16.Be3 g4 17.Ne5 Nxc3 18.Rxc3 Nb4 19.Bh6 Rfc8 20.Rac1 Rxc3 21.Rxc3 f6 22.Rc7 fxe5
23.Rxe7 Rxa2 24.Rg7+ Kf8 25.Rxg4+ Ke8 26.Rg8+ Kd7 27.g4 Bg6 28.h4 exd4 29.h5 Bb1
30.Bg7 Nc6 31.Bf6 Rxb2 32.g5 Rxe2 33.Bf3 Re1+ 34.Kg2 Bf5 35.g6 hxg6 36.hxg6  0-1

[Event "NLD-chT9596"]
[Site "?"]
[Date "1995.??.??"]
[Round "?"]
[White "Vanheste, Jeroen"]
[Black "Kuijf, Marinus"]
[Result "1/2-1/2"]
[WhiteElo "2410"]
[BlackElo "2465"]

1.Nf3 d5 2.c4 e6 3.d4 c6 4.Qc2 Nf6 5.g3 dxc4 6.Qxc4 b5 7.Qc2 Bb7 8.Bg2 Nbd7
9.O-O c5 10.a4 a6 11.axb5 axb5 12.Rxa8 Qxa8 13.Na3 Qa6 14.dxc5 Bxc5 15.Ne1 Bxg2
16.Nxg2 O-O 17.Qb3 b4 18.Nc4 Rc8 19.Be3 Nd5 20.Rd1 Be7 21.Rc1 Rc6 22.Qd3 Qc8
23.b3 Ne5 24.Qe4 Nxc4 25.Rxc4 Rxc4 26.bxc4 Nxe3 27.Nxe3 b3 28.Qd3 Qb8 29.Nf1 b2
30.Nd2 Qb4 31.Nb1 Qe1+ 32.Kg2 Qc1 33.Qe4 g6 34.Qd3 Bc5 35.e3 Kg7 36.Qe4 Be7
37.Qd3 Kf8 38.Qe4 Bb4 39.Qa8+ Kg7 40.Qe4 Be7 41.Qe5+ Bf6 42.Qe4 g5 43.g4 h6
44.h3 Be7 45.Qe5+ Kg8 46.Qe4 Bd6 47.Qa8+ Kg7 48.Qe4 Kf6 49.Qf3+ Ke7 50.Qb7+ Kd8
51.Qa8+ Ke7 52.Qb7+ Kf8 53.Qa8+ Kg7 54.Qe4 Bf8 55.Qd4+ Kg8 56.Qe4 Qd1 57.Nc3 Qd6
58.Nb1 Be7 59.Qd4 Qxd4 60.exd4 Bf6 61.d5 exd5 62.cxd5 Kf8 63.Kf3 Bd4 64.Ke4 Bxf2
65.Kd3 Ke7 66.Kc3 Kd6 67.Kxb2 Kxd5 68.Nc3+ Ke5 69.Kc2 Be1 70.Nb5 Bb4  1/2-1/2

[Event "Novorossijsk"]
[Site "Novorossijsk"]
[Date "1995.??.??"]
[Round "?"]
[White "Tregubov, Pavel V"]
[Black "Daniliuk, Sergey"]
[Result "1-0"]
[WhiteElo "2490"]
[BlackElo "2390"]

1.Nf3 d5 2.c4 c6 3.e3 Nf6 4.Nc3 g6 5.d4 Bg7 6.Be2 O-O 7.O-O Bg4 8.cxd5 cxd5
9.Qb3 b6 10.h3 Bxf3 11.Bxf3 e6 12.Qa4 Qd7 13.Bd2 Qxa4 14.Nxa4 Nbd7 15.Rfc1 a6
16.Rc6 Rfb8 17.Rac1 Bf8 18.b3 Ba3 19.R1c2 Kf8 20.g4 b5 21.Nb2 a5 22.Nd3 Ke8
23.Be2 Be7 24.f3 b4 25.Be1 Bd8 26.Bg3 Rb7 27.Bd6 Rb6 28.Ne5 Rxc6 29.Rxc6 Be7
30.Bb5 Bxd6 31.Rxd6 Ke7 32.Rxd7+ Nxd7 33.Nxd7 Rc8 34.Nc5 e5 35.Kf2 f6 36.g5 Rc7
37.f4 e4 38.h4 Kd6 39.Bf1 Ke7 40.Bh3 Kd6 41.Kg3 Re7 42.f5 Rc7 43.Kf4 Re7
44.Bf1 Rc7 45.Bb5 Ra7 46.Nd7  1-0

[Event "RUS-sf"]
[Site "Novosibirsk"]
[Date "1995.??.??"]
[Round "3"]
[White "Filippov, Valerij"]
[Black "Erykalov, A."]
[Result "1-0"]
[WhiteElo "2455"]
[BlackElo "2275"]

1.Nf3 d5 2.c4 e6 3.g3 Nf6 4.Bg2 dxc4 5.Qa4+ Nbd7 6.O-O a6 7.Qxc4 b5 8.Qc2 Bb7
9.a4 c5 10.Nc3 Qb6 11.d3 Rc8 12.axb5 axb5 13.Be3 Be7 14.Qb3 Nd5 15.Kh1 Nxe3
16.fxe3 Bc6 17.Nd2 O-O 18.Bxc6 Qxc6+ 19.e4 Rb8 20.Ra7 Bf6 21.Qa2 Ne5 22.Ra6 Qd7
23.Ra7 Qd8 24.Qa5 c4 25.Qxd8 Rfxd8 26.Nf3 Nxf3 27.Rxf3 b4 28.Nd1 c3 29.bxc3 bxc3
30.Ra2 Ra8 31.Rc2 Ra1 32.Rf1 Rb8 33.Kg2 h5 34.Ne3 Rxf1 35.Nxf1 Rb1 36.e3 g5
37.d4 Rb2 38.Rxb2 cxb2 39.Nd2 g4 40.Kf2 Bg5 41.Ke2 Kf8 42.Kd3 Ke7 43.e5 Kd7
44.Nb1 Kc6 45.Nc3 Kb6 46.e4 Bc1 47.Kc2 Be3 48.Ne2 Kb5 49.d5 Kc5 50.d6 Kc6
51.Kxb2 f6 52.exf6 Kxd6 53.Kc2 e5 54.Kd3 Bf2 55.Nc3 h4 56.Nd5 Ke6 57.gxh4 Bxh4
58.Ne3 g3 59.h3 Kxf6 60.Ke2 Bg5 61.Ng4+ Ke6 62.Kf3 Bf4 63.Ne3 Kf6 64.Nf5 Kg5
65.Nxg3 Kh4 66.Ne2 Bd2 67.Kg2 Kg5 68.Kg3 Be1+ 69.Kf3 Kh4 70.Kg2 Bd2 71.Ng1 Bf4
72.Nf3+ Kh5 73.Kf2 Kg6 74.Ke2 Kf6 75.Kd3 Ke6 76.Kc4 Kd6 77.Nh4 Bg5 78.Nf5+ Ke6
79.h4 Bf4 80.h5 Kf6 81.Kd5 Kg5 82.h6 Kg6 83.Ke6 Bh2 84.Ne3 Bf4 85.Ng4 Bg3
86.Ke7 Bf4 87.Kf8 Bd2 88.Kg8  1-0

[Event "CRO-chT2"]
[Site "Opatija"]
[Date "1995.??.??"]
[Round "?"]
[White "Biliskov, Vjekoslav"]
[Black "Mrkonjic, Nenad"]
[Result "1-0"]
[WhiteElo "2320"]
[BlackElo "2250"]

1.Nf3 d5 2.c4 c6 3.e3 Nf6 4.Nc3 e6 5.b3 Nbd7 6.Bb2 Be7 7.Be2 O-O 8.O-O Re8
9.d4 Bd6 10.Qc2 Qe7 11.Rad1 Nf8 12.e4 dxe4 13.Nxe4 Nxe4 14.Qxe4 Bd7 15.Ne5 Red8
16.h4 Be8 17.h5 h6 18.Bf3 Rac8 19.Rfe1 Bb8 20.Qg4 Qg5 21.Qh3 Nh7 22.Bg4 Qe7
23.d5 cxd5 24.cxd5 Rc2 25.Nc4 Qc5 26.Bd4 Qc7 27.d6 Qc6 28.Qg3 f6 29.Bxe6+ Kh8
30.Bf5 Rxc4 31.bxc4 Bxh5 32.Rd2 Bxd6 33.Qc3 Bf8 34.Be4 Qa4 35.Rb1 b6 36.Qb3 Qe8
37.Bd5 Bg6 38.Rbd1 Bd6 39.Qe3 Qd7 40.Qe6 Qc7 41.Qg4 Ng5 42.Re2 Kh7 43.Bb2 Qc5
44.Qd4 Qc7 45.Rde1 Bb4 46.Rc1 Bh5 47.Qd3+ Kh8 48.Re3 Bc5 49.Rg3 Bd6 50.Rxg5 fxg5
51.Qh3 Be5 52.Bxe5 Qxe5 53.Qxh5 b5 54.Qf7 bxc4 55.Bxc4 Qc5 56.Rc2 a5 57.Re2 Kh7
58.Re8 Rd1+ 59.Kh2 Rd6 60.Rh8+ Kxh8 61.Qg8+  1-0

[Event "Paris op"]
[Site "Paris"]
[Date "1995.??.??"]
[Round "?"]
[White "Forintos, Gyozo V"]
[Black "Wagner, Claude"]
[Result "1-0"]
[WhiteElo "2485"]
[BlackElo "2405"]

1.Nf3 d5 2.c4 c6 3.Qc2 Nf6 4.h3 dxc4 5.Qxc4 b5 6.Qc2 Bb7 7.d4 Nbd7 8.e4 e6
9.Bd3 c5 10.e5 Nd5 11.Bxb5 Nb4 12.Qe2 Bxf3 13.gxf3 cxd4 14.O-O Rc8 15.a3 Nd5
16.b4 Rxc1 17.Bxd7+ Kxd7 18.Qb5+ Rc6 19.Rd1 Qg5+ 20.Kf1 Qxe5 21.Qa4 d3 22.Qxa7+ Nc7
23.Ra2 Bd6 24.Qa4 Qh2 25.Rxd3 Qh1+ 26.Ke2 Qxb1 27.Rad2 Nd5 28.b5 Rc1 29.f4 Rb8
30.Qa7+ Ke8 31.Kf3 Rc4 32.Rxd5 exd5 33.Re2+ Re4  1-0

[Event "Philidor mem"]
[Site "Paris"]
[Date "1995.??.??"]
[Round "6"]
[White "Bricard, Emmanuel"]
[Black "Marciano, David"]
[Result "1/2-1/2"]
[WhiteElo "2485"]
[BlackElo "2455"]

1.Nf3 d5 2.c4 e6 3.b3 Be7 4.Bb2 Bf6 5.Qc2 Bxb2 6.Qxb2 Nf6 7.g3 O-O 8.Bg2 c5
9.O-O Nc6 10.cxd5 Nxd5 11.Nc3 Qf6 12.Rac1 b6 13.Rfd1 Bb7 14.d4 Nxc3 15.Qxc3 Rfd8
16.e3 cxd4 17.Nxd4 Nxd4 18.Rxd4 Rxd4 19.Qxd4 Qxd4 20.exd4 Rc8  1/2-1/2

[Event "WchT U26"]
[Site "Parnaiba"]
[Date "1995.??.??"]
[Round "?"]
[White "Kacheishvili, Giorgi"]
[Black "Camejo, Rui"]
[Result "1/2-1/2"]
[WhiteElo "2450"]
[BlackElo "2290"]

1.Nf3 d5 2.c4 e6 3.g3 Nf6 4.b3 c6 5.Bg2 b5 6.O-O bxc4 7.bxc4 Ba6 8.cxd5 cxd5
9.d3 Be7 10.Nbd2 O-O 11.Nb3 Nc6 12.Be3 Nd7 13.Rc1 Rc8 14.Nfd4 Nxd4 15.Bxd4 Bb5
16.Qd2 a6 17.Rxc8 Qxc8 18.Rc1 Qb8 19.Qa5 Rc8 20.a4 Rxc1+ 21.Nxc1 Bd8 22.Qc3 Bxa4
23.Bxg7 Qc7 24.Qa1 Qc2 25.Bf3 Bg5 26.Bb2 Bb5 27.Kg2 Qa4 28.Na2 a5 29.Bd4 Qa3
30.Qb1 Bc6 31.Qc2 Qa4 32.Qc3 Be7 33.e3 Qb5 34.Qc2  1/2-1/2

[Event "Passau op"]
[Site "Passau"]
[Date "1995.??.??"]
[Round "?"]
[White "Stocek, Jiri"]
[Black "Wells, Peter K"]
[Result "1/2-1/2"]
[WhiteElo "2480"]
[BlackElo "2530"]

1.Nf3 d5 2.c4 e6 3.d4 Nf6 4.Nc3 c6 5.Bg5 dxc4 6.e4 b5 7.e5 h6 8.Bh4 g5 9.Nxg5 hxg5
10.Bxg5 Nbd7 11.exf6 Qa5 12.Be2 Bb7 13.a4 b4 14.Ne4 c5 15.Bf3 O-O-O 16.Bf4 cxd4
17.Qxd4 Nc5 18.Qxc4 Ba6 19.Nxc5 Bxc5 20.Qc1 b3+ 21.Qc3 Qxc3+ 22.bxc3 Bd3
23.Bc1 Rh4 24.g3 Rc4 25.Bb2 a5 26.h4 Bb6 27.h5 Rc5 28.O-O-O Rc4 29.h6 Bh7
30.Be2 Rxa4 31.Ba6+ Kb8 32.Rxd8+ Bxd8 33.c4 Ra2 34.Rd1 Bxf6 35.Rd2 Bxb2+
36.Rxb2 Ra1+ 37.Kd2 a4 38.Kc3 Rh1 39.Kb4 Rxh6 40.Kxa4 Bc2 41.c5 Rh5 42.Kb4 Rf5
43.f4 e5 44.fxe5  1/2-1/2

[Event "World op"]
[Site "Philadelphia"]
[Date "1995.??.??"]
[Round "4"]
[White "Friedman, Aviv"]
[Black "Blatny, Pavel"]
[Result "1-0"]
[WhiteElo "2325"]
[BlackElo "2485"]

1.Nf3 d5 2.c4 e6 3.d4 Nd7 4.cxd5 exd5 5.Bf4 Ngf6 6.Nc3 Bb4 7.e3 c5 8.Bd3 Qa5
9.O-O c4 10.Bf5 Nb6 11.Bxc8 Rxc8 12.Ne2 O-O 13.a3 Be7 14.Nc3 Rfe8 15.Nd2 Bf8
16.Qc2 Re6 17.Rae1 Nbd7 18.f3 b5 19.e4 Nb6 20.e5 Ne8 21.Be3 Nc7 22.f4 Na4
23.f5 Ree8 24.Ndb1 Nxc3 25.Nxc3 Qb6 26.Rf3 a5 27.Rh3 b4 28.axb4 axb4 29.Ne2 b3
30.Qd1 Ra8 31.Ng3 g6 32.Qg4 Qc6  1-0

[Event "World op"]
[Site "Philadelphia"]
[Date "1995.??.??"]
[Round "4"]
[White "Friedman, Aviv"]
[Black "Blatny, Pavel"]
[Result "1-0"]
[WhiteElo "2325"]
[BlackElo "2485"]

1.Nf3 d5 2.c4 e6 3.d4 Nd7 4.cxd5 exd5 5.Bf4 Ngf6 6.Nc3 Bb4 7.e3 c5 8.Bd3 Qa5
9.O-O c4 10.Bf5 Nb6 11.Bxc8 Rxc8 12.Ne2 O-O 13.a3 Be7 14.Nc3 Rfe8 15.Nd2 Bf8
16.Qc2 Re6 17.Rae1 Nbd7 18.f3 b5 19.e4 Nb6 20.e5 Ne8 21.Be3 Nc7 22.f4 Na4
23.f5 Ree8 24.Ndb1 Nxc3 25.Nxc3 Qb6 26.Rf3 a5 27.Rh3 b4 28.axb4 axb4 29.Ne2 b3
30.Qd1 Ra8 31.Nc3 g6 32.Qg4 Qc6 33.Bh6 Bxh6 34.Rxh6 Ra2 35.Qh4 Kf8 36.Rxh7  1-0

[Event "Polanica Zdroj op"]
[Site "Polanica Zdroj"]
[Date "1995.??.??"]
[Round "5"]
[White "Weglarz, Leszek"]
[Black "Matlak, Marek"]
[Result "1-0"]
[WhiteElo "2350"]
[BlackElo "2435"]

1.Nf3 d5 2.c4 e6 3.g3 dxc4 4.Qa4+ c6 5.Qxc4 b5 6.Qc2 Bb7 7.Bg2 Nd7 8.O-O Ngf6
9.a4 a6 10.d3 Be7 11.Nbd2 O-O 12.Nb3 Nd5 13.Bd2 Nb4 14.Bxb4 Bxb4 15.d4 Qe7
16.Rfc1 e5 17.Nxe5 Nxe5 18.dxe5 Qxe5 19.Qe4 Qxe4 20.Bxe4 Rae8 21.Bf3 Re7
22.axb5 cxb5 23.Bxb7 Rxb7 24.Rxa6 Rd8 25.e3 g6 26.Nd4 Bf8 27.Rca1 h5 28.Ra8 Rxa8
29.Rxa8 Kg7 30.Kg2 b4 31.Rc8 Ra7 32.h3 Ra1 33.g4 hxg4 34.hxg4 Rb1 35.Rc2 Be7
36.Kf3 Rf1 37.Rc7 Kf8 38.Rc4 Rb1 39.Rc2 Kg7 40.Ke4 Rg1 41.f3 Bf8 42.Rc7 Rg2
43.b3 Kg8 44.Rc8 Kg7 45.Rb8 Rg1 46.Rb5 Rc1 47.Rb7 Kg8 48.f4 Rc3 49.g5 Bc5
50.Rb5 Be7 51.Rb8+ Kg7 52.Rb7 Kf8 53.f5 Bxg5 54.fxg6 Rxe3+ 55.Kd5 fxg6 56.Ne6+ Ke8
57.Nxg5 Rxb3 58.Nf7 Rb1 59.Ke6 Kf8 60.Ne5 b3 61.Nxg6+ Kg8 62.Ne7+ Kh8 63.Kf6 Rf1+
64.Nf5 Rb1 65.Rb4 Rf1 66.Rxb3 Kh7 67.Rg3 Rf2 68.Rg7+ Kh8 69.Rg5 Kh7 70.Kf7 Rh2
71.Rg6 Kh8 72.Rf6 Kh7 73.Rg6 Rh5 74.Kf6 Rh2 75.Rg5 Rh1 76.Kf7 Rh2 77.Rg7+ Kh8
78.Rg8+ Kh7 79.Rg5 Rh1 80.Ng3 Rh4 81.Ne4  1-0

[Event "Policka op"]
[Site "Policka"]
[Date "1995.??.??"]
[Round "6"]
[White "Nepomnishay, Mikhail I"]
[Black "Dgebuadze, Alexandre"]
[Result "1/2-1/2"]
[WhiteElo "2410"]
[BlackElo "2425"]

1.Nf3 d5 2.c4 e6 3.g3 Nf6 4.Bg2 dxc4 5.Qa4+ Nbd7 6.O-O a6 7.Qxc4 b5 8.Qc2 Bb7
9.a4 Bd6 10.axb5 axb5 11.Rxa8 Qxa8 12.Nc3  1/2-1/2

[Event "Portoroz op"]
[Site "Portoroz"]
[Date "1995.??.??"]
[Round "?"]
[White "Brecevic, V."]
[Black "Kusterle, Francesco"]
[Result "1-0"]
[WhiteElo "2185"]
[BlackElo "1660"]

1.Nf3 d5 2.c4 d4 3.e3 Nc6 4.exd4 Nxd4 5.Nxd4 Qxd4 6.Qb3 Nf6 7.Be2 e5 8.d3 Bd6
9.h3 Be7 10.Be3 Qd7 11.Nc3 c6 12.Rd1 Qc7 13.d4 O-O 14.O-O Be6 15.d5 Bd7 16.Bf3 cxd5
17.cxd5 Bd6 18.Bg5 Ne8 19.Rc1 f6 20.Be3 f5 21.Bg5 Qb8 22.Be2 a6 23.a4 Kh8
24.Be3 f4 25.Bb6 Nf6 26.Bf3 Qe8 27.Rfe1 Qg6 28.Ne4 Nxe4 29.Bxe4 Qg5 30.Bc7 f3
31.Bxf3 Bxc7 32.Rxc7 Bxh3 33.Be4 Qd2 34.Qe3 Qxe3 35.Rxe3 Bf5 36.Bxf5 Rxf5
37.Rxb7 h6 38.Rg3 g5 39.Rb6 Kg7 40.Rc3 Rf6 41.Rc7+ Kg6 42.a5 Rd8 43.Rcc6 Rxc6
44.dxc6 Kf5 45.Rxa6 h5 46.Kf1 g4 47.c7 Rd1+ 48.Ke2 Rc1 49.Rh6 Kg5 50.Rh7 Kg6
51.a6 Kxh7 52.a7 Rxc7 53.a8=Q Rc2+ 54.Ke3 Rxb2 55.Qe4+ Kh6 56.Qxe5 Rb4 57.Qd6+  1-0

[Event "Pozarevac"]
[Site "Pozarevac"]
[Date "1995.??.??"]
[Round "12"]
[White "Ivkov, Borislav"]
[Black "Trifunovic, Miroljub"]
[Result "1-0"]
[WhiteElo "2485"]
[BlackElo "2295"]

1.Nf3 d5 2.c4 e6 3.d4 Nf6 4.Nc3 Be7 5.Bg5 h6 6.Bh4 O-O 7.e3 b6 8.Qc2 Bb7
9.Bxf6 Bxf6 10.cxd5 exd5 11.O-O-O c5 12.dxc5 Nd7 13.Nxd5 Nxc5 14.Bc4 Rc8
15.Kb1 b5 16.Nxf6+ Qxf6 17.Bd5 Na4 18.Qe2 Bxd5 19.Rxd5 Qg6+ 20.e4 Rc4 21.Ne5 Qxg2
22.Nxc4 Qxh1+ 23.Rd1 Qxh2 24.Nd6 a6 25.Qe3 Qe5 26.Rd2 g5 27.Nf5 Kh7 28.f3 Rd8
29.Qa7 Qf6 30.Rh2 h5 31.Rxh5+ Kg8 32.Rh2 Rd1+ 33.Kc2 Qxb2+ 34.Kxd1 Qxh2 35.Qe3 f6
36.Qd4 Qxa2 37.Qd8+ Kh7 38.Qe7+  1-0

[Event "CRO-Cup"]
[Site "Pula"]
[Date "1995.??.??"]
[Round "2"]
[White "Voscilla, Adriano"]
[Black "Nikolac, Juraj"]
[Result "0-1"]
[WhiteElo "2315"]
[BlackElo "2455"]

1.Nf3 d5 2.c4 c6 3.b3 Bg4 4.Bb2 Nd7 5.cxd5 cxd5 6.Nc3 Ngf6 7.Rc1 a6 8.e3 e6
9.Be2 Bd6 10.O-O O-O 11.Nd4 Bxe2 12.Ncxe2 Re8 13.f4 Qb6 14.Nf3 a5 15.Kh1 a4
16.Bd4 Qa6 17.bxa4 Ne4 18.Nc3 Nxc3 19.Rxc3 f6 20.Rc1 Qxa4 21.Rb1 Qxd1 22.Rfxd1 Reb8
23.Rb2 b5 24.Rdb1 b4 25.Rc2 Ra6 26.Rbc1 Kf7 27.Kg1 Ke7 28.Kf1 e5 29.fxe5 fxe5
30.Ba1 Rba8 31.Rb1 Rxa2 32.Bb2 Nb6 33.d3 Na4 34.Rf2 Nxb2 35.Rfxb2 Kd7 36.Nd2 g6
37.Ke2 R8a3 38.Nb3 Rxb3  0-1

[Event "CRO-Cup"]
[Site "Pula"]
[Date "1995.??.??"]
[Round "5"]
[White "Banusic, Zeljko"]
[Black "Galic, Kruno"]
[Result "1-0"]
[WhiteElo "2315"]
[BlackElo "2270"]

1.Nf3 d5 2.c4 e6 3.g3 Nf6 4.Bg2 Nc6 5.d4 Rb8 6.cxd5 exd5 7.O-O a6 8.Nc3 Be7
9.Ne5 Na7 10.Bf4 Ra8 11.Rc1 c6 12.a4 O-O 13.Qb3 h6 14.Rfd1 Qa5 15.Bd2 Qb4
16.Qxb4 Bxb4 17.Nd3 Bd6 18.f3 Be6 19.e4 Nd7 20.Nf4 Bxf4 21.Bxf4 Nb6 22.e5 Nd7
23.Be3 Nc8 24.Ne2 Ne7 25.Nf4 Rac8 26.Nd3 Ng6 27.f4 Ne7 28.Bf2 Bf5 29.Be1 Bxd3
30.Rxd3 f5 31.Rb3 Rc7 32.Bb4 Nb8 33.Bd6 Rd7 34.Bh3 h5 35.Bf1 Kf7 36.a5 Rc8
37.Ra1 Ke6 38.Ra4 c5 39.Bxc5 Nec6 40.Rb6 Rg8 41.h4  1-0

[Event "ISL-ch"]
[Site "Reykjavik"]
[Date "1995.??.??"]
[Round "5"]
[White "Jonasson, Benedikt"]
[Black "Gretarsson, Helgi Ass"]
[Result "1-0"]
[WhiteElo "2300"]
[BlackElo "2440"]

1.Nf3 d5 2.c4 c6 3.e3 Nf6 4.Nc3 e6 5.Qc2 Bd6 6.b3 O-O 7.Bb2 e5 8.cxd5 cxd5
9.Nb5 Nc6 10.Nxd6 Qxd6 11.Rc1 Bg4 12.Qb1 a6 13.Be2 d4 14.h3 Bh5 15.Nh4 Bxe2
16.Kxe2 g6 17.Nf3 Qd5 18.Rhd1 Qb5+ 19.Ke1 Rfe8 20.Rc4 Na5 21.Rcc1 Nd5 22.Ba3 b6
23.g3 Qd7 24.Qe4 Rad8 25.Qh4 Kg7 26.Kf1 Qb7 27.e4 Nf6 28.d3 h6 29.g4 Nh7
30.Nxe5 Ng5 31.f4  1-0

[Event "Riga op"]
[Site "Riga"]
[Date "1995.??.??"]
[Round "?"]
[White "Fridman, Daniel"]
[Black "Zhuravliov, Valerij"]
[Result "1-0"]
[WhiteElo "2440"]
[BlackElo "2475"]

1.Nf3 d5 2.c4 c6 3.d4 e6 4.Qc2 Nd7 5.g3 f5 6.cxd5 cxd5 7.Bf4 Nb6 8.Bc7 Qe7
9.Bxb6 axb6 10.e3 Bd7 11.Nc3 Nf6 12.Ne5 Rc8 13.a3 Qd8 14.Qb3 Bd6 15.Nxd7 Nxd7
16.Bb5 Ke7 17.Bxd7 Kxd7 18.Kd2 Rc6 19.Rac1 Qa8 20.f4 Qa5 21.h3 g6 22.g4 Rf8
23.Rcg1 Be7 24.h4 fxg4 25.Rxg4 Rf5 26.Qb5 Qa6 27.Kd3 Ke8 28.Qxa6 bxa6 29.Ne2 Bf8
30.Ng3 Rf6 31.h5 Rc7 32.e4 Rcf7 33.hxg6 Rxg6 34.Rxg6 hxg6 35.Ne2 dxe4+ 36.Kxe4 Rf5
37.Rg1 Rf6 38.Nc1 Bd6 39.Nd3 Ke7 40.Ne5 Bxe5 41.dxe5 Rf7 42.Rxg6 Rh7 43.Rg2 Rh3
44.Rc2 Rb3 45.f5 exf5+ 46.Kxf5 a5 47.Ke4 Ke6 48.Kd4 Rb5 49.Rc6+ Kd7 50.Rc2 Ke6
51.Rc6+ Kd7 52.Rd6+ Kc7 53.Ke4 Rxb2 54.Rd3 b5 55.e6 Re2+ 56.Kf5 b4 57.a4 Kc6
58.Kf6 Kc5 59.e7 Kc4 60.Rd8 Kb3 61.e8=Q Rxe8 62.Rxe8 Kxa4 63.Ke5 Ka3 64.Kd4 a4
65.Kc4 b3 66.Kc3 Ka2 67.Rb8 Kb1 68.Kb4  1-0

[Event "Andalucia-ch"]
[Site "Rincon de La Victoria"]
[Date "1995.??.??"]
[Round "1"]
[White "Rojas, M."]
[Black "Rubio Doblas, Ricardo"]
[Result "1-0"]
[WhiteElo "2180"]
[BlackElo "2085"]

1.Nf3 d5 2.c4 c6 3.b3 Nf6 4.g3 Bf5 5.Bg2 e6 6.O-O Bd6 7.Bb2 O-O 8.d3 Qe7
9.Nbd2 Nbd7 10.Re1 e5 11.cxd5 cxd5 12.e4 dxe4 13.dxe4 Bg4 14.a3 b5 15.h3 Be6
16.Ng5 Nc5 17.Re3 Rfd8 18.Qe2 Rab8 19.Nxe6 Nxe6 20.b4 a5 21.bxa5 Bc5 22.Rb3 Nd4
23.Bxd4 Rxd4 24.Rab1 Rbd8 25.Nf1 h6 26.Rxb5 Bxa3 27.Rb7 R4d7 28.a6 Ne8 29.Ne3 Nd6
30.Nd5 Qe6 31.Rb8 Bc5 32.Qc2 Ba7 33.Rxd8+ Rxd8 34.Bf1 Rc8 35.Qa4 f5 36.Rb7 Bxf2+
37.Kg2 fxe4 38.Ne7+ Kh7 39.Nxc8 Qf5 40.Qd1 Nc4 41.Bxc4 Bxg3 42.Kxg3 Qg5+
43.Qg4 Qe3+ 44.Kg2  1-0

[Event "Salta Clarin op"]
[Site "Salta"]
[Date "1995.??.??"]
[Round "6"]
[White "Sorokin, Maxim"]
[Black "Ginzburg, Maximiliano"]
[Result "1-0"]
[WhiteElo "2550"]
[BlackElo "2440"]

1.Nf3 d5 2.c4 c6 3.e3 e6 4.Nc3 g5 5.d4 Bg7 6.e4 h6 7.exd5 exd5 8.cxd5 cxd5
9.h4 g4 10.Ne5 Nf6 11.Bb5+ Kf8 12.O-O Be6 13.Re1 Nbd7 14.Ng6+ fxg6 15.Rxe6 Kf7
16.Re1 Re8 17.Rxe8 Qxe8 18.Bf4 Qe6 19.Qd2 Re8 20.Bxh6 Bxh6 21.Qxh6 a6 22.Bd3 Nf8
23.Qg5 Qd6 24.a3 Kg7 25.Rc1 Re7 26.Ne2 Rf7 27.Ng3 N6h7 28.Qxg4 Kh6 29.Qe2 Ne6
30.Qe3+ Nf4 31.Ne2 g5 32.Bxh7 Nxe2+ 33.Qxe2  1-0

[Event "San Martin"]
[Site "San Martin"]
[Date "1995.??.??"]
[Round "7"]
[White "Scarella, Enrique"]
[Black "Sorokin, Maxim"]
[Result "1/2-1/2"]
[WhiteElo "2380"]
[BlackElo "2535"]

1.Nf3 d5 2.c4 e6 3.g3 dxc4 4.Qa4+ Nd7 5.Qxc4 a6 6.Bg2 b5 7.Qc6 Rb8 8.O-O Bc5
9.Qe4 Ngf6 10.Qc2 Bb7 11.b3 O-O 12.Bb2 Qe7 13.d4 Bb6 14.Nbd2 c5 15.Rac1 Rbc8
16.Qb1 cxd4 17.Nxd4 Bxg2 18.Kxg2 Nc5 19.N4f3 Rfd8 20.Rfd1 Nd5 21.Ne4 h6 22.Nxc5 Bxc5
23.Qe4 Qb7 24.Kg1 Be7 25.Ne1 Rxc1 26.Rxc1 Qb6 27.Nd3 Qa5 28.a3 Qd2 29.b4 a5
30.bxa5 Qxa5 31.Ne5 Qd2 32.Nd3 Bf6 33.Bxf6 Nxf6 34.Qe3 Qxe3 35.fxe3 Ra8 36.Rb1 Nd5
37.Kf2 Nc3 38.Rb3 Rc8 39.Kf3 f6 40.Nf2 Rc5 41.e4 Na2 42.Nd3 Rc3 43.Rxb5 Rxa3
44.Rb8+ Kh7 45.e5 fxe5 46.Re8 Nc1 47.Rxe6 Nxd3 48.exd3 Rxd3+ 49.Ke4 Rd2 50.h3  1/2-1/2